00302nam a2200121 a 4500008004100000020001500041050001500056100002900071245003200100250001200132260002700144350000900171120416s0000 ||||||||||||||||| || u a0582603412 aGA 151 Mac aMcMaster, David Newcombe10aMap reading for East Africa a2nd ed. aArushabLongmansc1965 a0.00